Les 2 meilleurs défenseurs droit de ces grands clubs dans l'histoire - Statistiques

Statistiques générales
  • Ce quiz a été pris 41 fois
  • Le résultat moyen est 15 sur 30
Statistiques - réponses
Clubs Nationalités Joueurs % Correct
Paris Saint-Germain Maroc Achraf Hakimi
100%
Réal Madrid Espagne Dani Carvajal
100%
FC Barcelone Brésil Dani Alves
94%
Liverpool Angleterre Trent Alexander Arnold
92%
Bayern Munich Allemagne Philipp Lahm
89%
Chelsea Serbie Branislav Ivanovic
86%
AC Milan Brésil Cafu
86%
Chelsea Espagne Cesar Azpilicueta
83%
Inter Milan Argentine Javier Zanetti
78%
Manchester United Angleterre Gary Neville
75%
Manchester City Angleterre Kyle Walker
75%
Bayern Munich Allemagne Joshua Kimmich
72%
Inter Milan Brésil Maicon
58%
Olympique Lyonnais France Christophe Jallet
56%
Manchester City Argentine Pablo Zabaleta
56%
Juventus Turin Italie Gianluca Zambrotta
50%
Olympique Lyonnais France Anthony Réveillère
44%
Borussia Dortmund Pologne Lukasz Piszczek
44%
Arsenal Cameroun Lauren
28%
Réal Madrid Espagne Michel Salgado
28%
FC Barcelone Espagne Sergi Roberto
28%
Arsenal Angleterre Lee Dixon
11%
Olympique de Marseille France Manuel Amoros
11%
Manchester United Angleterre Wes Brown
8%
AC Milan Italie Mauro Tassotti
6%
Juventus Turin Italie Claudio Gentile
0%
Olympique de Marseille France Jean-Jacques Eydelie
0%
Paris Saint-Germain France Laurent Fournier
0%
Liverpool Angleterre Phil Neal
0%
Borussia Dortmund Allemagne Stefan Reuter
0%
Aucun quiz correspondant
Distribution des résultats
% des personnes avec chaque résultat
Percentile par nombre de réponses
Votre historique - résultats
Vous n’avez pas pris ce quiz